Pays et capitales avec initiales - Statistiques

Statistiques générales
  • Ce quiz a été pris 58 fois
  • Le résultat moyen est 10 sur 30
Statistiques - réponses
Stars / Personnages fictifs Pays et/ ou sa capitale % Correct
Ursule Mirouët Uruguay / Montevideo
83%
Didier Deschamps Djibouti / Djibouti
73%
Emmanuel Macron Eswatini / Mbabane / Espagne / Madrid
71%
Philippe Lucas Pérou / Lima / Portugal / Lisbonne
60%
Brigitte Bardot Barbade / Bridgetown / Belgique / Bruxelles / Belize / Belmopan / Brasilia / Brésil
54%
Fiona Palomo France / Paris
50%
Hans Zimmer Harare / Zimbabwe
48%
Dominique Quilichini Doha / Qatar
42%
Sylvie Yvert Sanaa / Yemen
42%
Zoé Coletti Zagreb / Croatie
42%
Tristan Hebrard / Thierry Henry Tegucigalpa / Honduras
40%
Nina Watson Namibie / Windhoek
38%
Angelina Jolie Amman / Jordanie
35%
Emile Le Crocodile Egypte / Le Caire
35%
Tom Jedusor Tokyo / Japon
33%
Kim Possible Kosovo / Pristina
31%
Ott Tanak Ouzbékistan / Tachkent
29%
Brad Keselowski Bichkek / Kirghizistan
27%
Bruce Irons Bagdad / Irak
25%
Daniel Radcliffe Dominique / Roseau
25%
Kunal Nayyar Katmandou / Nepal
25%
Sirius Black Suisse / Berne / Sofia / Bulgarie / Sucre / Bolivie
25%
Maggie Smith Mogadiscio / Somalie
19%
Miley Cyrus Moldavie / Chisinau / Moroni / Comores
19%
Lance Stroll Ljubljana / Slovénie
15%
Nicolo Bulega Nassau / Bahamas / Naypyidaw / Birmanie
15%
Sandrine Le Feur Sierra Léone / Freetown
15%
Hafizh Syahrin Honiara / Salomon
10%
Casey Stoner Chili / Santiago
8%
Sebastian Vettel Seychelles / Victoria
8%
Aucun quiz correspondant
Distribution des résultats
% des personnes avec chaque résultat
Percentile par nombre de réponses
Votre historique - résultats
Vous n’avez pas pris ce quiz